Economic development (Record no. 2613)

000 -LEADER
fixed length control field 00554nam a22002177a 4500
001 - CONTROL NUMBER
control field 2613
003 - CONTROL NUMBER IDENTIFIER
control field BD-DhUET
008 - FIXED-LENGTH DATA ELEMENTS--GENERAL INFORMATION
fixed length control field 140928b xxu||||| |||| 00| 0 eng d
020 ## - INTERNATIONAL STANDARD BOOK NUMBER
International Standard Book Number 9788177584868
040 ## - CATALOGING SOURCE
Transcribing agency 0
Modifying agency BD-DhUET
082 ## - DEWEY DECIMAL CLASSIFICATION NUMBER
Classification number 338.9
Item number TOD/2003
100 ## - MAIN ENTRY--PERSONAL NAME
Personal name Todaro, Michael P.
245 ## - TITLE STATEMENT
Title Economic development
250 ## - EDITION STATEMENT
Edition statement 8th ed.
260 ## - PUBLICATION, DISTRIBUTION, ETC. (IMPRINT)
Place of publication, distribution, etc. New Delhi
Name of publisher, distributor, etc. Pearson Education
Date of publication, distribution, etc. 2003
300 ## - PHYSICAL DESCRIPTION
Extent 863 p.
Other physical details ill.
Dimensions 25 cm.
504 ## - BIBLIOGRAPHY, ETC. NOTE
Bibliography, etc Includes bibliographies
650 #0 - SUBJECT ADDED ENTRY--TOPICAL TERM
Topical term or geographic name as entry element Economic development
700 ## - ADDED ENTRY--PERSONAL NAME
Personal name Smith, Stephen C.
942 ## - ADDED ENTRY ELEMENTS (KOHA)
Koha item type General Book
Holdings
Date acquired Price effective from Lost status Source of classification or shelving scheme Koha date last seen Piece designation (barcode) Sublocation or collection (holding branch) Damaged status Copy number Koha normalized classification for sorting Koha date last borrowed Koha out on loan Koha full call number Koha issues (times borrowed) Withdrawn status Koha renewals Location (home branch) Not for loan Shelving location Koha item type
2014-09-282014-09-28  2024-06-12105033Central Library, BUET 1338_900000000000000_TOD_20032023-12-04 338.9/TOD/20033  Central Library, BUET Circulation sectionGeneral Book
2014-09-282014-09-28  2016-02-06101786Central Library, BUET 2338_000000000000000_9TOD2003  338.9/TOD/2003   Central Library, BUET Circulation sectionGeneral Book
2014-09-282014-09-28  2016-02-08101787Central Library, BUET 3338_000000000000000_9TOD2003  338.9/TOD/2003  1Central Library, BUET Circulation sectionGeneral Book
2014-09-282014-09-28  2016-01-30101788Central Library, BUET 4338_900000000000000_TOD_20032016-01-302017-06-28338.9/TOD/20031  Central Library, BUET Circulation sectionGeneral Book
2014-09-282014-09-28  2016-02-06101789Central Library, BUET 5338_000000000000000_9TOD2003  338.9/TOD/2003   Central Library, BUET Circulation sectionGeneral Book
2015-01-202015-01-20  2015-01-20101790Central Library, BUET 6338_900000000000000_TOD_2003  338.9/TOD/2003   Central Library, BUET Circulation sectionGeneral Book